ਦਰਦ ਪਿਯਾਰ ਲੋਕਾਂ ਦਾ / (Record no. 110549)

MARC details
000 -LEADER
fixed length control field 00980nam a22002537a 4500
005 - DATE AND TIME OF LATEST TRANSACTION
control field 20170123164154.0
010 ## - LIBRARY OF CONGRESS CONTROL NUMBER
LC control number B-123842
020 ## - INTERNATIONAL STANDARD BOOK NUMBER
Terms of availability 200.00
035 ## - SYSTEM CONTROL NUMBER
System control number B-123842
037 ## - SOURCE OF ACQUISITION
Source of stock number/acquisition Cen Lib / Ret
040 ## - CATALOGING SOURCE
Original cataloging agency DPL
Language of cataloging PN
082 ## - DEWEY DECIMAL CLASSIFICATION NUMBER
Classification number 851
Item number ਜਾਗੀਰ
100 ## - MAIN ENTRY--PERSONAL NAME
Personal name ਜਾਗੀਰ ਸਿੰਘ ਦਰਦ
9 (RLIN) 51202
245 ## - TITLE STATEMENT
Title ਦਰਦ ਪਿਯਾਰ ਲੋਕਾਂ ਦਾ /
Statement of responsibility, etc ਜਾਗੀਰ ਸਿੰਘ ਦਰਦ
246 ## - VARYING FORM OF TITLE
Title proper/short title Dard piyara lokan da /
Remainder of title by Jagir Singh Dard
260 ## - PUBLICATION, DISTRIBUTION, ETC. (IMPRINT)
Place of publication, distribution, etc ਦਿੱਲੀ
Name of publisher, distributor, etc ਪੰਜਾਬੀ ਲਿਥਾਰੀ ਸਭਾ
Date of publication, distribution, etc 1997
270 ## - ADDRESS
Address ਪੰਜਾਬੀ ਲਿਥਾਰੀ ਸਭਾ
City ਲੁਧਿਆਣਾ
300 ## - PHYSICAL DESCRIPTION
Extent 112p.
Dimensions 22cm(Hb)
650 ## - SUBJECT ADDED ENTRY--TOPICAL TERM
Topical term or geographic name as entry element ਸਾਹਿਤ --ਪੰਜਾਬੀ
9 (RLIN) 130145
650 ## - SUBJECT ADDED ENTRY--TOPICAL TERM
Topical term or geographic name as entry element ਪੰਜਾਬੀ--- ਕਵਿਤਾਵਾਂ
9 (RLIN) 130146
650 ## - SUBJECT ADDED ENTRY--TOPICAL TERM
Topical term or geographic name as entry element Literature--Punjabi
9 (RLIN) 130147
650 ## - SUBJECT ADDED ENTRY--TOPICAL TERM
Topical term or geographic name as entry element Punjabi-- Poetry
9 (RLIN) 130148
942 ## - ADDED ENTRY ELEMENTS (KOHA)
Source of classification or shelving scheme Dewey Decimal Classification
Koha item type Punjabi Bks
Classification part 851
Call number suffix ਜਾਗੀਰ
Holdings
Withdrawn status Lost status Damaged status Not for loan Home library Current library Date acquired Source of acquisition Cost, normal purchase price Total Checkouts Full call number Barcode Date last seen Copy number Cost, replacement price Price effective from Koha item type
        Central Library Central Library 04/02/2016 Cen Lib/Ret 200.00   851 ਜਾਗੀਰ B-123842 04/02/2016 1 200.00 04/02/2016 Punjabi Bks

© Delhi Public Library
Hit Counter
free hit counter